Mejoras en la capacidad del sistema de abastecimiento de agua potable de la ciudad de Grecia
Wedi'i Gadw mewn:
| Prif Awdur: | |
|---|---|
| Fformat: | Llyfr |
| Cyhoeddwyd: |
San José, C.R.
1998
|
| Pynciau: | |
| Tagiau: |
Ychwanegu Tag
Dim Tagiau, Byddwch y cyntaf i dagio'r cofnod hwn!
|
MARC
| LEADER | 00000nam a2200000Ia 4500 | ||
|---|---|---|---|
| 003 | 008415 | ||
| 005 | 20221231144225.0 | ||
| 008 | 140114s1998 cr a m 000 ||s d | ||
| 040 | |c cru CEDI | ||
| 090 | |a TFG 3815 | ||
| 100 | |a Arias Jiménez, Tomás Federico |9 9143 | ||
| 245 | |a Mejoras en la capacidad del sistema de abastecimiento de agua potable de la ciudad de Grecia | ||
| 260 | |c 1998 |a San José, C.R. | ||
| 300 | |a 104 hojas en varias paginaciones : ilustraciones | ||
| 500 | |a Proyecto de graduación (licenciatura en ingeniería civil)--Universidad de Costa Rica. Facultad de Ingeniería. Escuela de Ingeniería Civil | ||
| 650 | |x ACUEDUCTOS |x SUMINISTRO DE AGUA - GRECIA (ALAJUELA, COSTA RICA) |x AGUA POTABLE - GRECIA (ALAJUELA, COSTA RICA) |9 9144 | ||
| 942 | |c TFG | ||
| 999 | |c 18689 |d 18689 | ||
